<?xml version="1.0" encoding="UTF-8"?>
<record
    xmlns:xsi="http://www.w3.org/2001/XMLSchema-instance"
    xsi:schemaLocation="http://www.loc.gov/MARC21/slim http://www.loc.gov/standards/marcxml/schema/MARC21slim.xsd"
    xmlns="http://www.loc.gov/MARC21/slim">

  <leader>01687nab a2200265   4500</leader>
  <controlfield tag="003">AR-RoBPED</controlfield>
  <controlfield tag="005">20260507100842.0</controlfield>
  <controlfield tag="008">260507b        |||||||| |||| 00| 0 spa d</controlfield>
  <datafield tag="040" ind1=" " ind2=" ">
    <subfield code="a">AR-RoBPED</subfield>
  </datafield>
  <datafield tag="041" ind1=" " ind2=" ">
    <subfield code="a">spa</subfield>
  </datafield>
  <datafield tag="100" ind1="1" ind2=" ">
    <subfield code="a">Galfrascoli, Adri&#xE1;n</subfield>
    <subfield code="9">30670</subfield>
    <subfield code="e">Profesor en Ciencias Naturales y mag&#xED;ster en Did&#xE1;ctica de las Ciencias Experimentales </subfield>
  </datafield>
  <datafield tag="245" ind1="1" ind2=" ">
    <subfield code="a">Leer para aprender en las clases de Ciencias Naturales. </subfield>
    <subfield code="b">Una experiencia en la formaci&#xF3;n de maestras y maestros /</subfield>
  </datafield>
  <datafield tag="260" ind1=" " ind2=" ">
    <subfield code="a">Buenos Aires :</subfield>
    <subfield code="b">Noveduc,</subfield>
    <subfield code="c">2023</subfield>
  </datafield>
  <datafield tag="300" ind1=" " ind2=" ">
    <subfield code="a">16-20 p.</subfield>
  </datafield>
  <datafield tag="500" ind1=" " ind2=" ">
    <subfield code="a">Se reflexiona acerca del rol que los docentes le asignan a la comprensi&#xF3;n y producci&#xF3;n de textos en las clases de ciencias m&#xE1;s all&#xE1; de los primeros a&#xF1;os de escolaridad y, tambi&#xE9;n, acerca de las relaciones entre lectura y escritura y ense&#xF1;anza de las ciencias una vez alcanzada la alfabetizaci&#xF3;n inicial. Para la reflexi&#xF3;n, se analiza una experiencia desarrollada en un profesorado para la Ense&#xF1;anza Primaria en la cual se propone a los estudiantes que elaboren una serie de actividades que promuevan procesos de comprensi&#xF3;n lectora y favorezcan el aprendizaje de contenidos vinculados al &#xE1;rea de Ciencias Naturales. </subfield>
  </datafield>
  <datafield tag="650" ind1=" " ind2="7">
    <subfield code="a">EXPERIENCIA PEDAGOGICA</subfield>
    <subfield code="9">3265</subfield>
  </datafield>
  <datafield tag="650" ind1=" " ind2="7">
    <subfield code="a">PROCESO ENSE&#xD1;ANZA-APRENDIZAJE</subfield>
    <subfield code="9">15747</subfield>
  </datafield>
  <datafield tag="650" ind1=" " ind2="7">
    <subfield code="a">ACTIVIDADES DIDACTICAS</subfield>
    <subfield code="9">18754</subfield>
  </datafield>
  <datafield tag="650" ind1=" " ind2="7">
    <subfield code="a">ALFABETIZACION</subfield>
    <subfield code="9">386</subfield>
  </datafield>
  <datafield tag="650" ind1=" " ind2="7">
    <subfield code="a">ENSE&#xD1;ANZA DE LAS CIENCIAS NATURALES</subfield>
    <subfield code="9">568</subfield>
  </datafield>
  <datafield tag="650" ind1=" " ind2="7">
    <subfield code="a">FORMACION DE DOCENTES</subfield>
    <subfield code="9">1259</subfield>
  </datafield>
  <datafield tag="773" ind1="0" ind2=" ">
    <subfield code="0">20414</subfield>
    <subfield code="9">41865</subfield>
    <subfield code="d">Buenos Aires :  Noveduc,  1993-</subfield>
    <subfield code="t">Novedades Educativas</subfield>
    <subfield code="w">(AR-RoBPED)20414</subfield>
    <subfield code="x">03283534</subfield>
  </datafield>
  <datafield tag="942" ind1=" " ind2=" ">
    <subfield code="2">udc</subfield>
    <subfield code="c">REV</subfield>
    <subfield code="h">37(05)</subfield>
    <subfield code="m">Nov 86 N&#xB0; 390 (Sept.2023)</subfield>
    <subfield code="a">k.32718</subfield>
  </datafield>
  <datafield tag="945" ind1=" " ind2=" ">
    <subfield code="a">mar 05/2026</subfield>
  </datafield>
  <datafield tag="999" ind1=" " ind2=" ">
    <subfield code="c">32718</subfield>
    <subfield code="d">32718</subfield>
  </datafield>
</record>
